Central Library OPAC University of Rajshahi

An Estimation of Cytoplasmic Incompatibility and Genetic Variability in the House Fly Musca Domestica L. / (Record no. 83807)

MARC details
000 -LEADER
fixed length control field 01059nam a2200253 a 4500
001 - CONTROL NUMBER
RUCL Control Number 83807
003 - CONTROL NUMBER IDENTIFIER
rucl marc code BD-RjUL
005 - DATE AND TIME OF LATEST TRANSACTION
control field 20240525151526.0
008 - FIXED-LENGTH DATA ELEMENTS--GENERAL INFORMATION
fixed length control field 240525s2004 bg a|||| m||| 00| 0 eng d
035 ## - SYSTEM CONTROL NUMBER
system control number (BD-RjUL)83807
040 ## - CATALOGING SOURCE
Original cataloging agency BD-RjUL
Language of cataloging eng
Transcribing agency BD-RjUL
Modifying agency BD-RjUL
041 ## - LANGUAGE CODE
Language code of Book eng
082 ## - DEWEY DECIMAL CLASSIFICATION NUMBER
DDC Edition number 23
Classification number 595.77
Author mark and Year YEE 2004
100 ## - MAIN ENTRY--PERSONAL NAME
Personal name Yeasmin, Farida
9 (RLIN) 3681
245 10 - TITLE STATEMENT
Title An Estimation of Cytoplasmic Incompatibility and Genetic Variability in the House Fly Musca Domestica L. /
Statement of responsibility, etc By Farida Yeasmin ;
Name of Supervisor/Co-Supervisor Principal Supervisor : Md. Abdus Salam, Co-Supervisor : M. Saiful Islam
260 ## - PUBLICATION, DISTRIBUTION, ETC. (IMPRINT)
Place of publication, distribution, etc Rajshahi :
Name of publisher, distributor, etc Institute of Bilological Sciences, University of Rajshahi,
Date of publication, distribution, etc 2004
300 ## - PHYSICAL DESCRIPTION
Pagination xi, 276 Leaves :
Other physical details ill, ;
Dimensions 29 cm.
502 ## - DISSERTATION NOTE
Dissertation note Thesis (Ph. D.) -- Institute of Bilological Sciences, University of Rajshahi, 2004
504 ## - BIBLIOGRAPHY, ETC. NOTE
Bibliography, etc References : Leaves [180]-228
650 ## - SUBJECT ADDED ENTRY--TOPICAL TERM
Topical term or geographic name as entry element Arthropoda
Form subdivision Domestica
General subdivision Incompatibility
9 (RLIN) 13146
700 ## - ADDED ENTRY--SUPERVISOR/CO-SUPERVISOR NAME
Personal name Salam, Md. Abdus, Principal Supervisor
9 (RLIN) 6157
Personal name Islam, M. Saiful, Co-Supervisor
9 (RLIN) 13132
942 ## - ADDED ENTRY ELEMENTS (KOHA)
Source of classification or shelving scheme Dewey Decimal Classification
Koha item type Theses
Holdings
Source of classification or shelving scheme Damaged status Not for loan Collection code Permanent Location Current Location Shelving location Date of accession Source of acquisition Total Checkouts Full call number Barcode Date last seen Copy number Thesis
Dewey Decimal Classification   Not For Loan Theses Central Library, University of Rajshahi Central Library, University of Rajshahi Documentation Section 21/10/2004 Controller of Exam. R. U.   THE 595.77 YEE 2004 D2324 25/05/2024 C-I Theses